<?xml version="1.0" encoding="UTF-8"?>
<record
    xmlns:xsi="http://www.w3.org/2001/XMLSchema-instance"
    xsi:schemaLocation="http://www.loc.gov/MARC21/slim http://www.loc.gov/standards/marcxml/schema/MARC21slim.xsd"
    xmlns="http://www.loc.gov/MARC21/slim">

  <leader>00687nam a22001577a 4500</leader>
  <datafield tag="952" ind1=" " ind2=" ">
    <subfield code="0">0</subfield>
    <subfield code="1">0</subfield>
    <subfield code="4">0</subfield>
    <subfield code="7">0</subfield>
    <subfield code="a">18</subfield>
    <subfield code="b">18</subfield>
    <subfield code="d">2016-04-01</subfield>
    <subfield code="l">1</subfield>
    <subfield code="o">HA762 A58</subfield>
    <subfield code="p">18 002659</subfield>
    <subfield code="r">2018-12-10</subfield>
    <subfield code="s">2018-12-08</subfield>
    <subfield code="t">1</subfield>
    <subfield code="w">2016-04-01</subfield>
    <subfield code="y">LB</subfield>
  </datafield>
  <datafield tag="999" ind1=" " ind2=" ">
    <subfield code="c">99181</subfield>
    <subfield code="d">99181</subfield>
  </datafield>
  <controlfield tag="008">160331s2000    mx ||||| |||| 00| 0 spa d</controlfield>
  <datafield tag="022" ind1=" " ind2=" ">
    <subfield code="2">01888692</subfield>
  </datafield>
  <datafield tag="050" ind1="0" ind2="4">
    <subfield code="a">HA762</subfield>
    <subfield code="b">A58</subfield>
  </datafield>
  <datafield tag="245" ind1="1" ind2="0">
    <subfield code="a">Anuario estad&#xED;stico de los Estados Unidos Mexicanos 1999</subfield>
    <subfield code="c"> / Instituto Nacional de Estad&#xED;stica Geograf&#xED;a e Inform&#xE1;tica</subfield>
  </datafield>
  <datafield tag="260" ind1=" " ind2=" ">
    <subfield code="a">M&#xE9;xico</subfield>
    <subfield code="b"> : Instituto Nacional de Estad&#xED;stica Geograf&#xED;a e Inform&#xE1;tica</subfield>
    <subfield code="c">, 2000</subfield>
  </datafield>
  <datafield tag="300" ind1=" " ind2=" ">
    <subfield code="a">700 p&#xE1;ginas</subfield>
    <subfield code="b"> : ilustrado</subfield>
  </datafield>
  <datafield tag="519" ind1=" " ind2=" ">
    <subfield code="a">Plan Flexible / </subfield>
    <subfield code="b">Gastronom&#xED;a / </subfield>
    <subfield code="c">Mundo Contempor&#xE1;neo (B06-2) / </subfield>
    <subfield code="d">(18 002659)</subfield>
  </datafield>
  <datafield tag="650" ind1=" " ind2="0">
    <subfield code="a">ANUARIO</subfield>
    <subfield code="x">ESTAD&#xCD;STICA </subfield>
    <subfield code="y">1999</subfield>
    <subfield code="z">M&#xC9;XICO</subfield>
  </datafield>
  <datafield tag="700" ind1="1" ind2=" ">
    <subfield code="a">Instituto Nacional de Estad&#xED;stica, Geograf&#xED;a e Inform&#xE1;tica </subfield>
  </datafield>
  <datafield tag="942" ind1=" " ind2=" ">
    <subfield code="c">LB</subfield>
  </datafield>
</record>
